000
00297nam a2200109Ia 4500
008
220204s9999 xx 000 0 und d
082
_a
330.342.141
_b
STA
100
_a
STADNICHENKO, A
245
0
_a
Monetary crisis of capitalism: Origin development
260
_a
Moscow
_b
Progress
_c
1975
942
_c
BK
999
_c
26162
_d
26162